[Event "Campeonato de España Universitario 2008"]
[Site "Madrid ESP"]
[Date "2008.05.10"]
[Round "7.22"]
[White "Ruiz Garcia, Mario"]
[Black "Alarcia Astiz, Carlos"]
[Result "1/2-1/2"]
[WhiteElo "2107"]
[BlackElo "2191"]
[PlyCount "116"]
[EventDate "2008.05.08"]
[EventType "swiss"]
[EventRounds "9"]
[EventCountry "ESP"]
[Source "lmi"]
[SourceDate "2008.05.08"]

1. d4 Nf6 2. c4 e6 3. Nc3 d5 4. Bg5 Nbd7 5. cxd5 exd5 6. e3 c6 7. Bd3 Be7 8.
Nge2 Nf8 9. O-O Ne6 10. Bh4 O-O 11. Qc2 g6 12. f4 Ng7 13. Ng3 Ng4 14. Bxe7 Qxe7
15. Rfe1 Nxh2 16. Kxh2 Qh4+ 17. Kg1 Qxg3 18. Qf2 Qxf2+ 19. Kxf2 Bg4 20. b4 Nf5
21. b5 Rfe8 22. Rac1 Rab8 23. Bxf5 Bxf5 24. Re2 Kf8 25. bxc6 bxc6 26. Na4 h5
27. Nc5 Rb6 28. Rc3 Reb8 29. Rb3 Ke7 30. Reb2 Kd6 31. Na6 Rxb3 32. axb3 Rh8 33.
Nc5 Kc7 34. Ra2 Kb8 35. Ra6 Rc8 36. Ra4 Ka8 37. Ra6 Rc7 38. Ra1 Bc8 39. Rc1 a5
40. Ra1 Ra7 41. Ra4 Kb8 42. Ra1 Kc7 43. b4 Kb6 44. bxa5+ Rxa5 45. Rxa5 Kxa5 46.
e4 dxe4 47. Nxe4 Kb4 48. g3 Bf5 49. Ng5 Be6 50. Ke3 Bd5 51. Nh7 Kb5 52. Nf6 Kb6
53. f5 Kb5 54. fxg6 fxg6 55. Nh7 Kc4 56. Ng5 Kc3 57. Nh7 Be6 58. Ng5 Bg4
1/2-1/2

[Event "Campeonato de España Universitario 2008"]
[Site "Madrid ESP"]
[Date "2008.05.10"]
[Round "7.23"]
[White "Eyo Castro-rial, Alberto"]
[Black "Caravaca Aguirre, Antonio Miguel"]
[Result "1-0"]
[WhiteElo "2189"]
[BlackElo "2130"]
[PlyCount "81"]
[EventDate "2008.05.08"]
[EventType "swiss"]
[EventRounds "9"]
[EventCountry "ESP"]
[Source "lmi"]
[SourceDate "2008.05.08"]

1. e4 c5 2. Nc3 Nc6 3. g3 g6 4. Bg2 Bg7 5. d3 d6 6. Nge2 e6 7. Rb1 Nge7 8. Bg5
Rb8 9. Qd2 b5 10. a3 O-O 11. Bh6 d5 12. Bxg7 Kxg7 13. exd5 exd5 14. O-O b4 15.
axb4 Nxb4 16. Na4 Qd6 17. Qc3+ Qf6 18. Nxc5 Bg4 19. f3 Bf5 20. g4 Be6 21. Nd4
Kh8 22. Ndxe6 fxe6 23. Qxf6+ Rxf6 24. Nd7 Rff8 25. Rf2 Nec6 26. Nxb8 Rxb8 27.
f4 Kg7 28. Rd1 Nd8 29. c3 Nbc6 30. Re1 Rb6 31. f5 gxf5 32. gxf5 e5 33. f6+ Kf8
34. Bxd5 Rb5 35. c4 Rb6 36. c5 Ra6 37. Bc4 Ra5 38. b4 Nxb4 39. Rxe5 Nbc6 40.
Rg5 Nf7 41. Bxf7 1-0

[Event "Campeonato de España Universitario 2008"]
[Site "Madrid ESP"]
[Date "2008.05.10"]
[Round "7.24"]
[White "Serrano Bozada, Esteban"]
[Black "Cortes Mamblona, Josep Manel"]
[Result "1/2-1/2"]
[WhiteElo "2188"]
[BlackElo "2054"]
[PlyCount "25"]
[EventDate "2008.05.08"]
[EventType "swiss"]
[EventRounds "9"]
[EventCountry "ESP"]
[Source "lmi"]
[SourceDate "2008.05.08"]

1. e4 e6 2. d4 d5 3. exd5 exd5 4. Bd3 Nf6 5. Nf3 Bd6 6. O-O O-O 7. Bg5 Bg4 8.
c3 h6 9. Bh4 c6 10. Nbd2 Nbd7 11. Qc2 Re8 12. Rfe1 Qc7 13. Bg3 1/2-1/2

[Event "Campeonato de España Universitario 2008"]
[Site "Madrid ESP"]
[Date "2008.05.10"]
[Round "7.25"]
[White "Bermejo Martinez, Jorge"]
[Black "Criado Lopez, Alberto"]
[Result "1-0"]
[WhiteElo "2267"]
[BlackElo "2014"]
[PlyCount "77"]
[EventDate "2008.05.08"]
[EventType "swiss"]
[EventRounds "9"]
[EventCountry "ESP"]
[Source "lmi"]
[SourceDate "2008.05.08"]

1. Nf3 Nf6 2. c4 c5 3. d4 cxd4 4. Nxd4 g6 5. Nc3 Bg7 6. e4 d6 7. Be2 Nc6 8. Be3
O-O 9. O-O Bd7 10. Qd2 Rc8 11. f3 Re8 12. Rac1 Ne5 13. b3 Qa5 14. Rfe1 a6 15.
Bf1 Rb8 16. h3 Bc6 17. a3 Kh8 18. b4 Qd8 19. b5 Bd7 20. f4 Neg4 21. hxg4 Nxg4
22. Nb3 e5 23. g3 f5 24. Qxd6 Re6 25. Qd2 Qe8 26. Nd5 Rd6 27. c5 Re6 28. Nc7
Qe7 29. Nxe6 Bxe6 30. Na5 Rd8 31. Qe2 exf4 32. Bxf4 Bd4+ 33. Kg2 fxe4 34. Qxe4
Ne3+ 35. Rxe3 Bd5 36. Qxd5 Qf6 37. Qxd4 Rxd4 38. Be5 Rd2+ 39. Be2 1-0

[Event "Campeonato de España Universitario 2008"]
[Site "Madrid ESP"]
[Date "2008.05.10"]
[Round "7.26"]
[White "Lorente Peñalba, Diego"]
[Black "Almeida Toledano, Daniel"]
[Result "1/2-1/2"]
[WhiteElo "2134"]
[BlackElo "2278"]
[PlyCount "26"]
[EventDate "2008.05.08"]
[EventType "swiss"]
[EventRounds "9"]
[EventCountry "ESP"]
[Source "lmi"]
[SourceDate "2008.05.08"]

1. e4 e6 2. Qe2 c5 3. d3 Nc6 4. Nf3 d6 5. g3 g6 6. Bg2 Bg7 7. c3 Nge7 8. O-O
O-O 9. Be3 b6 10. Nbd2 d5 11. d4 cxd4 12. Nxd4 Nxd4 13. cxd4 a5 1/2-1/2

[Event "Campeonato de España Universitario 2008"]
[Site "Madrid ESP"]
[Date "2008.05.10"]
[Round "7.27"]
[White "Perez Felipe, Marcos Adrian"]
[Black "Amate Tortosa, Bernardo"]
[Result "1-0"]
[WhiteElo "2238"]
[BlackElo "2116"]
[PlyCount "41"]
[EventDate "2008.05.08"]
[EventType "swiss"]
[EventRounds "9"]
[EventCountry "ESP"]
[Source "lmi"]
[SourceDate "2008.05.08"]

1. d4 d5 2. c4 e6 3. Nc3 Nf6 4. Nf3 c6 5. e3 Nbd7 6. Bd3 dxc4 7. Bxc4 b5 8. Bd3
Qa5 9. O-O b4 10. Ne4 Ba6 11. Nxf6+ Nxf6 12. Bxa6 Qxa6 13. Ne5 Rc8 14. Bd2 Be7
15. a3 Rc7 16. axb4 Qb6 17. Ra6 Qb7 18. Qa4 Nd5 19. Rxc6 Rxc6 20. Qxc6+ Qxc6
21. Nxc6 1-0

[Event "Campeonato de España Universitario 2008"]
[Site "Madrid ESP"]
[Date "2008.05.10"]
[Round "7.28"]
[White "Medina Menendez, Eduardo Matias"]
[Black "Perez Campos, Adria"]
[Result "0-1"]
[WhiteElo "2105"]
[BlackElo "2229"]
[PlyCount "40"]
[EventDate "2008.05.08"]
[EventType "swiss"]
[EventRounds "9"]
[EventCountry "ESP"]
[Source "lmi"]
[SourceDate "2008.05.08"]

1. d4 d5 2. Bg5 Nd7 3. Nf3 Ngf6 4. e3 h6 5. Bh4 c6 6. Bd3 Qb6 7. Qc1 e5 8. dxe5
Nxe5 9. Nxe5 Qb4+ 10. Nd2 Qxh4 11. O-O Bd6 12. Nef3 Qh5 13. e4 dxe4 14. Re1 O-O
15. Nxe4 Nxe4 16. Bxe4 Bg4 17. h3 f5 18. hxg4 fxg4 19. Bg6 Qxg6 20. Ne5 Qh5 0-1

[Event "Campeonato de España Universitario 2008"]
[Site "Madrid ESP"]
[Date "2008.05.10"]
[Round "7.29"]
[White "Deruelle Sala, Albert"]
[Black "Gimeno Higueras, Roberto"]
[Result "0-1"]
[WhiteElo "2103"]
[BlackElo "2219"]
[PlyCount "124"]
[EventDate "2008.05.08"]
[EventType "swiss"]
[EventRounds "9"]
[EventCountry "ESP"]
[Source "lmi"]
[SourceDate "2008.05.08"]

1. d4 d5 2. c4 dxc4 3. e4 e5 4. d5 f5 5. exf5 Nf6 6. Bxc4 Bxf5 7. Nf3 Bd6 8.
Ng5 Qe7 9. O-O Nbd7 10. Nc3 a6 11. Qe2 h6 12. Ne6 Bxe6 13. dxe6 Nc5 14. f4 Nxe6
15. fxe5 Nd4 16. Qd3 Bxe5 17. Qg6+ Kd8 18. Kh1 Kc8 19. Bf4 Bxf4 20. Rxf4 Nc6
21. Qg3 Kb8 22. Qf2 Re8 23. h3 Qe5 24. Rd1 Qe3 25. Qxe3 Rxe3 26. Nd5 Nxd5 27.
Bxd5 Re7 28. Rc1 Nd8 29. Rb4 Ka7 30. Bf3 c6 31. Rg4 g5 32. a4 Nf7 33. Rd4 Rd8
34. Rxd8 Nxd8 35. b4 Re5 36. Rd1 Ne6 37. Rd7 Re1+ 38. Kh2 Kb8 39. Re7 Rb1 40.
Rxe6 Rxb4 41. Rxh6 Rxa4 42. Rh5 g4 43. Bxg4 Rd4 44. Rh8+ Kc7 45. Rh7+ Kb8 46.
Bf3 a5 47. Rh5 a4 48. Ra5 b6 49. Re5 Rd6 50. Re4 b5 51. Rb4 Kc7 52. Be2 Kb6 53.
Rb1 Ka5 54. h4 a3 55. h5 b4 56. Bc4 Rd4 57. Bf7 Rf4 58. Bg6 a2 59. Ra1 b3 60.
Kg3 Rf1 61. Rxf1 b2 62. Rf5+ Kb6 0-1

[Event "Campeonato de España Universitario 2008"]
[Site "Madrid ESP"]
[Date "2008.05.10"]
[Round "7.30"]
[White "Aymerich Rosell, Pablo"]
[Black "Sierra Canosa, Francisco"]
[Result "0-1"]
[WhiteElo "2210"]
[BlackElo "2141"]
[PlyCount "68"]
[EventDate "2008.05.08"]
[EventType "swiss"]
[EventRounds "9"]
[EventCountry "ESP"]
[Source "lmi"]
[SourceDate "2008.05.08"]

1. d4 c5 2. d5 Nf6 3. c4 b5 4. cxb5 a6 5. b6 e6 6. Nc3 exd5 7. Nxd5 Nxd5 8.
Qxd5 Nc6 9. e4 Be7 10. Bc4 O-O 11. Nf3 Qxb6 12. O-O d6 13. Qh5 Be6 14. Bxe6
fxe6 15. Qh3 Rf6 16. b3 Nd4 17. Nxd4 cxd4 18. Bg5 Rf7 19. Qxe6 Bxg5 20. Qd5 Qd8
21. f4 Bf6 22. Rac1 Rb8 23. Rc6 Qe8 24. Rfc1 Kh8 25. Rxd6 Be7 26. Rxa6 Rd8 27.
Qc4 Rxf4 28. Re6 Qd7 29. Re5 Qa7 30. Rd5 Rxd5 31. Qxd5 d3+ 32. Kh1 Qc5 33. Qa8+
Rf8 34. Rxc5 Bxc5 0-1

[Event "Campeonato de España Universitario 2008"]
[Site "Madrid ESP"]
[Date "2008.05.10"]
[Round "7.31"]
[White "Gomez Gomez, Francisco Javier"]
[Black "Martinez Lozano, Miguel Angel"]
[Result "0-1"]
[WhiteElo "2097"]
[BlackElo "2209"]
[PlyCount "114"]
[EventDate "2008.05.08"]
[EventType "swiss"]
[EventRounds "9"]
[EventCountry "ESP"]
[Source "lmi"]
[SourceDate "2008.05.08"]

1. e4 c5 2. Nf3 d6 3. d4 cxd4 4. Nxd4 Nf6 5. Nc3 a6 6. Bg5 e6 7. f4 Qb6 8. Qd2
Nc6 9. O-O-O h6 10. Bh4 Bd7 11. Be2 Rc8 12. Nb3 Qc7 13. e5 dxe5 14. fxe5 Nxe5
15. Bg3 Bb4 16. Rhe1 Ne4 17. Qd4 Nxg3 18. Qxb4 Nxe2+ 19. Rxe2 Nc6 20. Qa3 Qf4+
21. Kb1 Qb4 22. Qxb4 Nxb4 23. a3 Nc6 24. Nd5 Rd8 25. Nc7+ Ke7 26. Nd5+ Kf8 27.
Nb6 Ke7 28. Nd5+ Kd6 29. Nb6+ Kc7 30. Nxd7 Rxd7 31. Rxd7+ Kxd7 32. Rd2+ Kc7 33.
Nc5 Rd8 34. Rf2 Ne5 35. Nd3 Nxd3 36. Rxf7+ Rd7 37. Rxd7+ Kxd7 38. cxd3 Kd6 39.
Kc2 Kd5 40. Kc3 e5 41. Kc2 Kd4 42. Kd2 b6 43. Ke2 b5 44. Kd2 a5 45. Ke2 g6 46.
Kd2 g5 47. Ke2 h5 48. Kd2 a4 49. g3 g4 50. Kc2 Ke3 51. Kc3 Kf2 52. Kb4 Ke2 53.
Kxb5 Kxd3 54. Kxa4 e4 55. b4 e3 56. b5 e2 57. b6 e1=Q 0-1

[Event "Campeonato de España Universitario 2008"]
[Site "Madrid ESP"]
[Date "2008.05.10"]
[Round "7.33"]
[White "Perez Mauricio, Xoel"]
[Black "Tierraseca Montero, Pablo"]
[Result "1-0"]
[WhiteElo "2168"]
[BlackElo "2111"]
[PlyCount "43"]
[EventDate "2008.05.08"]
[EventType "swiss"]
[EventRounds "9"]
[EventCountry "ESP"]
[Source "lmi"]
[SourceDate "2008.05.08"]

1. Nf3 Nf6 2. c4 c6 3. d4 d5 4. Nc3 dxc4 5. a4 Bf5 6. Ne5 e6 7. f3 Bb4 8. e4
Bg6 9. Bxc4 Nfd7 10. Qb3 Qe7 11. Nd3 Bxc3+ 12. bxc3 Nb6 13. O-O N8d7 14. a5
Nxc4 15. Qxc4 Rc8 16. Ba3 Qd8 17. Nc5 Nxc5 18. Bxc5 a6 19. Rab1 Qd7 20. Rb6 f6
21. Qb4 Rc7 22. Bd6 1-0

[Event "Campeonato de España Universitario 2008"]
[Site "Madrid ESP"]
[Date "2008.05.10"]
[Round "7.34"]
[White "Graña Lois, Jorge"]
[Black "Krug Cortegoso, Rodolfo Martin"]
[Result "1/2-1/2"]
[WhiteElo "2085"]
[BlackElo "2154"]
[PlyCount "74"]
[EventDate "2008.05.08"]
[EventType "swiss"]
[EventRounds "9"]
[EventCountry "ESP"]
[Source "lmi"]
[SourceDate "2008.05.08"]

1. e4 e5 2. Nf3 Nf6 3. Nxe5 d6 4. Nf3 Nxe4 5. d4 d5 6. Bd3 Nc6 7. O-O Be7 8. c4
Nb4 9. Be2 O-O 10. Nc3 Bf5 11. a3 Nxc3 12. bxc3 Nc6 13. cxd5 Qxd5 14. Bf4 Na5
15. Nd2 c5 16. Bf3 Qd7 17. Nb3 Qb5 18. Nxa5 Qxa5 19. Qb3 cxd4 20. cxd4 Rad8 21.
Qxb7 Rxd4 22. Bc7 Qa4 23. Bc6 Bc8 24. Qa8 Qa6 25. Rfc1 Bf6 26. a4 Bd7 27. Qb7
Qxb7 28. Bxb7 Bxa4 29. Ba5 Bb5 30. Bc3 Ra4 31. Bxf6 gxf6 32. Rxa4 Bxa4 33. Ra1
Rb8 34. Rxa4 Rxb7 35. g3 Kg7 36. Kg2 f5 37. Ra6 f6 1/2-1/2

[Event "Campeonato de España Universitario 2008"]
[Site "Madrid ESP"]
[Date "2008.05.10"]
[Round "7.36"]
[White "Ivanovitch Balsinde, Nicolas M"]
[Black "Cabrero De Cabo, Miguel"]
[Result "1-0"]
[WhiteElo "2141"]
[BlackElo "2102"]
[PlyCount "115"]
[EventDate "2008.05.08"]
[EventType "swiss"]
[EventRounds "9"]
[EventCountry "ESP"]
[Source "lmi"]
[SourceDate "2008.05.08"]

1. e4 c5 2. Nf3 d6 3. d4 cxd4 4. Nxd4 Nf6 5. Nc3 g6 6. Be3 Bg7 7. f3 O-O 8. Qd2
Nc6 9. Bc4 Bd7 10. O-O-O Ne5 11. Bb3 Qa5 12. g4 Rfc8 13. Kb1 Nc4 14. Bxc4 Rxc4
15. Nb3 Qa6 16. h4 Rac8 17. h5 Be6 18. hxg6 fxg6 19. Bd4 b5 20. g5 Nh5 21. Bxg7
Kxg7 22. Nd4 Bf7 23. Ndxb5 Rb8 24. a4 Qa5 25. b3 Qb4 26. Nd5 Bxd5 27. Qxb4 Rxb4
28. Rxd5 a6 29. Nd4 Nf4 30. Nc6 Nxd5 31. exd5 R8b7 32. Nxb4 Rxb4 33. Re1 Kf7
34. Re4 Rb7 35. Kb2 Kg7 36. a5 h5 37. gxh6+ Kxh6 38. c4 Kg5 39. Ka3 Kf6 40. b4
g5 41. Ka4 Rc7 42. b5 axb5+ 43. Kxb5 g4 44. Rxg4 e6 45. dxe6 Kxe6 46. Kb6 Rc8
47. Kb7 Rf8 48. a6 Rxf3 49. Rg8 Rb3+ 50. Kc6 Ra3 51. Rg6+ Ke5 52. Kb5 Ra1 53.
Rg5+ Ke6 54. Kb6 Kd7 55. a7 Rb1+ 56. Rb5 Ra1 57. Kb7 d5 58. Rxd5+ 1-0

[Event "Campeonato de España Universitario 2008"]
[Site "Madrid ESP"]
[Date "2008.05.10"]
[Round "7.37"]
[White "Garrido Dominguez, Jesus"]
[Black "Lara Granero, Bio"]
[Result "1-0"]
[WhiteElo "2324"]
[BlackElo "2033"]
[PlyCount "165"]
[EventDate "2008.05.08"]
[EventType "swiss"]
[EventRounds "9"]
[EventCountry "ESP"]
[Source "lmi"]
[SourceDate "2008.05.08"]

1. e4 c5 2. Nf3 Nc6 3. d4 cxd4 4. Nxd4 e5 5. Nb5 h6 6. N1c3 Nf6 7. Nd5 Nxd5 8.
exd5 a6 9. dxc6 axb5 10. cxd7+ Bxd7 11. Qd5 Qc7 12. Bd2 Bc5 13. Qb3 Qb6 14. Qg3
O-O 15. Be2 Bf5 16. c3 Rfd8 17. Be3 Bxe3 18. Qxe3 Qe6 19. a3 Qb3 20. Qc1 Rd6
21. O-O Rad8 22. Bd1 Qc4 23. Qe3 Qd5 24. Be2 Bc2 25. Rac1 Bb3 26. Bf3 Qd2 27.
Qxe5 Qxb2 28. Qxb5 Qxa3 29. Ra1 Ba2 30. Qxb7 Rd2 31. c4 Qc3 32. Bd5 Qf6 33.
Rad1 Rxd1 34. Rxd1 Bxc4 35. Qxf7+ Kh8 36. Qxf6 gxf6 37. Bf3 Re8 38. g4 Re7 39.
Kg2 Bb5 40. Kg3 h5 41. gxh5 Rd7 42. Rb1 Bd3 43. Rb4 Kg7 44. Kf4 Rc7 45. Bd1 Kh6
46. Rb6 Kg7 47. h6+ Kg6 48. Bb3 Rc5 49. h7 Kxh7 50. Rxf6 Rh5 51. Rf7+ Kh8 52.
Kg3 Rg5+ 53. Kf3 Rh5 54. Rf8+ Kg7 55. Rd8 Bb5 56. Kg3 Rg5+ 57. Kh4 Re5 58. f4
Re8 59. Rd5 Bc6 60. Rg5+ Kh8 61. Rc5 Bd7 62. Kg5 Rf8 63. Bc4 Bh3 64. Kh4 Bf5
65. Bb3 Rb8 66. Bd1 Kh7 67. Kg3 Be4 68. Bg4 Kg7 69. f5 Rd8 70. Re5 Rd4 71. Re7+
Kf6 72. Re6+ Kg7 73. h3 Bc2 74. Rb6 Bd3 75. h4 Bc4 76. h5 Ba2 77. Kh4 Bg8 78.
Kg5 Rd8 79. Bf3 Rf8 80. Be4 Bc4 81. Rc6 Bb3 82. Rd6 Kh8 83. Bd5 1-0

[Event "Campeonato de España Universitario 2008"]
[Site "Madrid ESP"]
[Date "2008.05.10"]
[Round "7.38"]
[White "Rey Garcia, Tomas"]
[Black "Alcazar Jimenez, Jesus Alberto"]
[Result "1-0"]
[WhiteElo "2029"]
[BlackElo "2247"]
[PlyCount "113"]
[EventDate "2008.05.08"]
[EventType "swiss"]
[EventRounds "9"]
[EventCountry "ESP"]
[Source "lmi"]
[SourceDate "2008.05.08"]

1. e4 c5 2. Nc3 Nc6 3. g3 g6 4. Bg2 Bg7 5. d3 e6 6. Be3 d6 7. Qd2 h6 8. Nge2
Nge7 9. O-O Nd4 10. h3 Rb8 11. f4 f5 12. g4 O-O 13. Ng3 Bd7 14. Nd1 Qc7 15. c3
Ndc6 16. Rc1 Qa5 17. b3 Kh7 18. Qf2 Rbd8 19. Rc2 Bc8 20. Kh2 Qa6 21. Qe2 b5 22.
h4 fxg4 23. h5 e5 24. hxg6+ Nxg6 25. f5 Nf4 26. Qxg4 Qb7 27. Bxf4 exf4 28. Qg6+
Kh8 29. Rxf4 Ne5 30. Qh5 Nxd3 31. Rh4 Qf7 32. Qxf7 Rxf7 33. Rd2 c4 34. Bf1 Ne5
35. Kg2 Kh7 36. Nh5 Bb7 37. Nf2 Rxf5 38. Nxg7 Kxg7 39. Be2 Rg5+ 40. Kh2 Rf8 41.
Nh3 cxb3 42. axb3 Nf3+ 43. Bxf3 Rxf3 44. Nxg5 hxg5 45. Rg4 Kh6 46. Rxd6+ Kh5
47. Rg3 Rf2+ 48. Kg1 Re2 49. Rd4 Kh4 50. Rg2 Re1+ 51. Kf2 Rc1 52. e5+ Kh5 53.
Rg3 Rc2+ 54. Ke1 Bc8 55. Kd1 Rb2 56. b4 Rb1+ 57. Ke2 1-0

[Event "Campeonato de España Universitario 2008"]
[Site "Madrid ESP"]
[Date "2008.05.10"]
[Round "7.39"]
[White "Simonet Planas, Adrian"]
[Black "Claros Egea, Christian"]
[Result "0-1"]
[WhiteElo "2027"]
[BlackElo "2240"]
[PlyCount "52"]
[EventDate "2008.05.08"]
[EventType "swiss"]
[EventRounds "9"]
[EventCountry "ESP"]
[Source "lmi"]
[SourceDate "2008.05.08"]

1. c4 Nf6 2. Nc3 g6 3. d4 Bg7 4. e4 d6 5. f4 O-O 6. Nf3 c5 7. d5 e6 8. Be2 exd5
9. cxd5 Re8 10. e5 dxe5 11. fxe5 Ng4 12. O-O Nxe5 13. Bf4 Bd7 14. Qd2 Nxf3+ 15.
Bxf3 Na6 16. d6 Qa5 17. Bxb7 Rab8 18. Bd5 Nb4 19. Bb3 c4 20. Bd1 Nd3 21. Ne2
Qc5+ 22. Kh1 Nf2+ 23. Rxf2 Qxf2 24. Ng1 Qxd2 25. Bxd2 Bxb2 26. Rb1 c3 0-1

[Event "Campeonato de España Universitario 2008"]
[Site "Madrid ESP"]
[Date "2008.05.10"]
[Round "7.40"]
[White "Garcia Mendoza, Francisco"]
[Black "Colls Bosch, Emili"]
[Result "1-0"]
[WhiteElo "2195"]
[BlackElo "2030"]
[PlyCount "57"]
[EventDate "2008.05.08"]
[EventType "swiss"]
[EventRounds "9"]
[EventCountry "ESP"]
[Source "lmi"]
[SourceDate "2008.05.08"]

1. e4 c5 2. Nf3 d6 3. d4 cxd4 4. Nxd4 Nf6 5. Nc3 a6 6. Be3 e5 7. Nb3 Be6 8. f3
Be7 9. Qd2 O-O 10. O-O-O a5 11. Na4 Nc6 12. Kb1 Nd7 13. g4 Qb8 14. Bb5 Rc8 15.
h4 b6 16. Nc3 a4 17. Bxa4 Bc4 18. Bb5 Bxb5 19. Nxb5 Nc5 20. g5 Qb7 21. Nc1 Qa6
22. Nc3 Na4 23. Nd5 Bf8 24. b3 b5 25. h5 Ne7 26. bxa4 Nxd5 27. exd5 Qxa4 28. c3
b4 29. cxb4 1-0

[Event "Campeonato de España Universitario 2008"]
[Site "Madrid ESP"]
[Date "2008.05.10"]
[Round "7.41"]
[White "Alonso Alvarez, Aitor"]
[Black "Romero Lopez, Marta"]
[Result "1-0"]
[WhiteElo "2190"]
[BlackElo "2018"]
[PlyCount "83"]
[EventDate "2008.05.08"]
[EventType "swiss"]
[EventRounds "9"]
[EventCountry "ESP"]
[Source "lmi"]
[SourceDate "2008.05.08"]

1. g3 e5 2. c4 Nc6 3. Nc3 g6 4. Bg2 Bg7 5. d3 d6 6. e4 Be6 7. Nge2 Qd7 8. Nd5
Nd8 9. O-O c6 10. Ndc3 Bh3 11. f4 h5 12. f5 Bg4 13. h3 Bxe2 14. Qxe2 Qe7 15.
Be3 Nf6 16. d4 exd4 17. Bxd4 Rg8 18. Qd3 Nd7 19. Bxg7 Rxg7 20. f6 Nxf6 21. Qd4
Qe5 22. Qxe5+ dxe5 23. Rxf6 Ne6 24. Rd1 Ke7 25. Rf2 h4 26. g4 Rgg8 27. Rfd2
Rad8 28. Rxd8 Nxd8 29. b4 Ne6 30. Kf2 Rf8 31. b5 a6 32. bxa6 bxa6 33. Ke3 Nc5
34. g5 Rb8 35. Rb1 Rd8 36. Bf1 f6 37. gxf6+ Kxf6 38. Rb6 Rd6 39. Nd5+ Kf7 40.
Nb4 Rd4 41. Bd3 a5 42. Rxc6 1-0

[Event "Campeonato de España Universitario 2008"]
[Site "Madrid ESP"]
[Date "2008.05.10"]
[Round "7.42"]
[White "Pazos Porta, Antonio"]
[Black "Pellicer Coloma, Pedro"]
[Result "1-0"]
[WhiteElo "2176"]
[BlackElo "2006"]
[PlyCount "63"]
[EventDate "2008.05.08"]
[EventType "swiss"]
[EventRounds "9"]
[EventCountry "ESP"]
[Source "lmi"]
[SourceDate "2008.05.08"]

1. d4 d5 2. Nc3 f5 3. Bf4 c6 4. Nf3 Nf6 5. e3 e6 6. Bd3 b6 7. Ne5 Bd6 8. Ne2
O-O 9. c3 Bb7 10. h4 Nh5 11. Bg5 Qe8 12. Bf4 Nxf4 13. exf4 Nd7 14. Qd2 Nf6 15.
O-O-O c5 16. Kb1 c4 17. Bc2 b5 18. f3 a5 19. g4 fxg4 20. fxg4 Bxe5 21. dxe5
Nxg4 22. Nd4 Qd7 23. Rdg1 Nh6 24. Rg5 Rf7 25. Rhg1 Raf8 26. f5 Qe8 27. Nxe6
Nxf5 28. Bxf5 Rxf5 29. Rxg7+ Kh8 30. Rxh7+ Kxh7 31. Rg7+ Kh8 32. Qh6# 1-0

[Event "Campeonato de España Universitario 2008"]
[Site "Madrid ESP"]
[Date "2008.05.10"]
[Round "7.43"]
[White "Valles Mata, David"]
[Black "Molina Ballester, Sergio"]
[Result "0-1"]
[WhiteElo "2113"]
[BlackElo "2006"]
[PlyCount "97"]
[EventDate "2008.05.08"]
[EventType "swiss"]
[EventRounds "9"]
[EventCountry "ESP"]
[Source "lmi"]
[SourceDate "2008.05.08"]

1. e4 c5 2. Nf3 d6 3. d4 cxd4 4. Nxd4 Nf6 5. Nc3 a6 6. g3 g6 7. Bg2 Bg7 8. O-O
O-O 9. h3 Nc6 10. Nxc6 bxc6 11. e5 dxe5 12. Bxc6 Bxh3 13. Re1 Qxd1 14. Rxd1 Ra7
15. Be3 Rc7 16. Bh1 Rb8 17. Rab1 Bf5 18. Rdc1 e6 19. a4 Ng4 20. Bd2 Rd8 21. Be1
Rcd7 22. Ne4 Bxe4 23. Bxe4 Bh6 24. Ba5 Bxc1 25. Rxc1 Rd1+ 26. Rxd1 Rxd1+ 27.
Kg2 Rd4 28. Bd3 Rxa4 29. b4 Ra2 30. Bb6 Nf6 31. c4 Nd7 32. c5 Kf8 33. Bc7 Ke7
34. c6 Nf6 35. Bxa6 Rxa6 36. b5 Rxc6 37. bxc6 Ne8 38. Bxe5 f6 39. Bb8 Kd8 40.
Kf3 Kc8 41. Bf4 e5 42. Bh6 Kc7 43. Bf8 Kxc6 44. Ke3 Kd5 45. f4 Nd6 46. fxe5
fxe5 47. Kf3 Nf5 48. Ba3 Nd4+ 49. Kg4 0-1

[Event "Campeonato de España Universitario 2008"]
[Site "Madrid ESP"]
[Date "2008.05.10"]
[Round "7.44"]
[White "Pascual Palomo, Lucia"]
[Black "Alcaraz Soriano, Angela"]
[Result "1/2-1/2"]
[WhiteElo "2106"]
[BlackElo "1995"]
[PlyCount "74"]
[EventDate "2008.05.08"]
[EventType "swiss"]
[EventRounds "9"]
[EventCountry "ESP"]
[Source "lmi"]
[SourceDate "2008.05.08"]

1. e4 e5 2. Nf3 Nf6 3. Nxe5 d6 4. Nf3 Nxe4 5. d4 d5 6. Bd3 Bg4 7. Qe2 f5 8.
Nbd2 Be7 9. h3 Bh5 10. c4 c6 11. cxd5 cxd5 12. g4 fxg4 13. hxg4 Bxg4 14. Bxe4
dxe4 15. Qxe4 Bxf3 16. Nxf3 Nd7 17. Rxh7 Rxh7 18. Qxh7 Bf6 19. Qh5+ Kf8 20. Be3
Rc8 21. Qf5 Qe7 22. a3 Kg8 23. Ne5 Bxe5 24. dxe5 Rf8 25. Qc2 Qxe5 26. O-O-O Qe6
27. Bxa7 b6 28. Qc7 Qh6+ 29. Kb1 Qg6+ 30. Ka1 Nc5 31. Qd6 Qc2 32. Qd5+ Rf7 33.
Ka2 Na4 34. Qd4 Rf8 35. Qd5+ Rf7 36. Qa8+ Rf8 37. Qd5+ Rf7 1/2-1/2

[Event "Campeonato de España Universitario 2008"]
[Site "Madrid ESP"]
[Date "2008.05.10"]
[Round "7.45"]
[White "Rodriguez Falcon, Jesus Manuel"]
[Black "Schneider Sanchez, Carlos D"]
[Result "1/2-1/2"]
[WhiteElo "1981"]
[BlackElo "2105"]
[PlyCount "27"]
[EventDate "2008.05.08"]
[EventType "swiss"]
[EventRounds "9"]
[EventCountry "ESP"]
[Source "lmi"]
[SourceDate "2008.05.08"]

1. e4 c5 2. Nf3 Nc6 3. d4 cxd4 4. Nxd4 e6 5. Nc3 a6 6. Be3 Qc7 7. Be2 Nf6 8.
O-O Be7 9. f4 d6 10. Qe1 O-O 11. Qg3 Re8 12. Kh1 Bd7 13. Rae1 b5 14. a3 1/2-1/2

[Event "Campeonato de España Universitario 2008"]
[Site "Madrid ESP"]
[Date "2008.05.10"]
[Round "7.46"]
[White "Pavon Cardenas, Jesus M"]
[Black "Mancha Otano, Aritz"]
[Result "1-0"]
[WhiteElo "2093"]
[BlackElo "1989"]
[PlyCount "57"]
[EventDate "2008.05.08"]
[EventType "swiss"]
[EventRounds "9"]
[EventCountry "ESP"]
[Source "lmi"]
[SourceDate "2008.05.08"]

1. e4 e5 2. Nf3 Nc6 3. Bc4 Nf6 4. O-O Bc5 5. c3 d6 6. d4 exd4 7. cxd4 Bb6 8. h3
h6 9. Nc3 O-O 10. a3 Ne7 11. Bd3 d5 12. e5 Nh7 13. b4 f6 14. Qc2 Ng5 15. Nxg5
fxg5 16. Ne2 Bf5 17. f4 Bxd3 18. Qxd3 gxf4 19. Nxf4 Nf5 20. Ne6 Qh4 21. Bb2 Ng3
22. Nxf8 Rxf8 23. Rxf8+ Kxf8 24. Re1 Ke7 25. Kh2 Ne4 26. Rf1 h5 27. Qf3 Kd7 28.
Qf7+ Kc6 29. Qe8# 1-0